Paisaje semiótico y espacios públicos amables : construcción de lineamientos de diseño a través de signos de la ciudad
Сохранить в:
| Главный автор: | |
|---|---|
| Другие авторы: | |
| Формат: | Неизвестно |
| Язык: | Spanish |
| Опубликовано: |
[San José, Costa Rica]
2013
|
| Предметы: | |
| Online-ссылка: | https://cedi.ucr.ac.cr/arquitectura/paisaje-semiotico-y-espacios-publicos-amables-construccion-de-lineamientos-de-diseno-a-traves-de-signos-de-la-ciudad/ |
| Метки: |
Добавить метку
Нет меток, Требуется 1-ая метка записи!
|
MARC
| LEADER | 00000 a2200000 4500 | ||
|---|---|---|---|
| 003 | EA0059 | ||
| 005 | 20231005134942.0 | ||
| 008 | 140114s2013 cr a 000 ||spa d | ||
| 040 | |c cru CEDI | ||
| 090 | |a TFG EA-059 | ||
| 100 | |a Aguilar Sánchez, Paola Alejandra |9 20046 | ||
| 245 | |a Paisaje semiótico y espacios públicos amables : construcción de lineamientos de diseño a través de signos de la ciudad | ||
| 260 | |a [San José, Costa Rica] |c 2013 | ||
| 500 | |a Proyecto de graduación (licenciatura en arquitectura)--Universidad de Costa Rica. Facultad de Ingeniería. Escuela de Arquitectura | ||
| 501 | |a Directora de Proyecto de Graduación: Dra. María de los Ángeles Barahona Israel | ||
| 650 | |x ARQUITECTURA DEL PAISAJE |x ESPACIOS PUBLICOS - DISEÑO |9 20047 | ||
| 700 | |9 73 |a Barahona Israel, María de los Ángeles, 1952- |d Directora del TFG | ||
| 856 | |u https://cedi.ucr.ac.cr/arquitectura/paisaje-semiotico-y-espacios-publicos-amables-construccion-de-lineamientos-de-diseno-a-traves-de-signos-de-la-ciudad/ |y https://cedi.ucr.ac.cr/arquitectura/paisaje-semiotico-y-espacios-publicos-amables-construccion-de-lineamientos-de-diseno-a-traves-de-signos-de-la-ciudad/ | ||
| 942 | |c CEDI |2 ddc | ||
| 999 | |c 11644 |d 11644 | ||
